New deal for deprived communities (Record no. 55928)

MARC details
000 -LEADER
fixed length control field 01232cab a2200301 4500
001 - CONTROL NUMBER
control field WB3435-33
008 - FIXED-LENGTH DATA ELEMENTS--GENERAL INFORMATION
fixed length control field 090401t xxu||||| |||| 00| 0 eng d
035 ## - SYSTEM CONTROL NUMBER
System control number (Sirsi) u88512
041 ## - LANGUAGE CODE
Language code of text/sound track or separate title eng
245 ## - TITLE STATEMENT
Title New deal for deprived communities
260 ## - PUBLICATION, DISTRIBUTION, ETC.
Date of publication, distribution, etc. (187/98) 15 September 1998(14)
350 ## - PRICE (NR) (BK AM CF MU VM SE) [OBSOLETE]
Price 0
490 ## - SERIES STATEMENT
Series statement DETR News Release
Volume/sequential designation (749) 15 September 1998
490 ## - SERIES STATEMENT
Series statement Financial Times
Volume/sequential designation 14 September 1998 8 : 16 September 1998, 16
490 ## - SERIES STATEMENT
Series statement Sunday Telegraph
Volume/sequential designation 13 September 1998, 15
490 ## - SERIES STATEMENT
Series statement Guardian
Volume/sequential designation 16 September 1998, 6-7
490 ## - SERIES STATEMENT
Series statement Department of Education and Employment Press Release
Volume/sequential designation (424/98) 15 September 1998
490 ## - SERIES STATEMENT
Series statement Cabinet Office News Release
Volume/sequential designation (187/98) 15 September 1998(14)
520 ## - SUMMARY, ETC.
Summary, etc. A new £800m initiative to tackle the problems of deprivation head on, and pioneer new ways of working that cut across traditional barriers to change has been announced by Deputy Prime Minister John prescott. Called the New Deal for Communities it will focus in particular on housing.
650 ## - SUBJECT ADDED ENTRY--TOPICAL TERM
Topical term or geographic name entry element COUNCIL HOUSING
650 ## - SUBJECT ADDED ENTRY--TOPICAL TERM
Topical term or geographic name entry element DEPRIVATION
650 ## - SUBJECT ADDED ENTRY--TOPICAL TERM
Topical term or geographic name entry element DEPRIVED AREAS
650 ## - SUBJECT ADDED ENTRY--TOPICAL TERM
Topical term or geographic name entry element NEW DEAL FOR COMMUNITIES
650 ## - SUBJECT ADDED ENTRY--TOPICAL TERM
Topical term or geographic name entry element POVERTY
690 ## - LOCAL SUBJECT ADDED ENTRY--TOPICAL TERM (OCLC, RLIN)
Topical term or geographic name as entry element HOUSING
942 ## - ADDED ENTRY ELEMENTS (KOHA)
Suppress in OPAC 0
948 ## - LOCAL PROCESSING INFORMATION (OCLC); SERIES PART DESIGNATOR (RLIN)
c (OCLC) 16/09/1998
Holdings
Withdrawn status Lost status Source of classification or shelving scheme Damaged status Not for loan Home library Current library Shelving location Date acquired Total Checkouts Full call number Barcode Date last seen Copy number Price effective from Koha item type
    Dewey Decimal Classification     London London News article 14/09/1999   WB3435-33 88512-1001 06/08/2019 1 06/08/2019 News article